Morangos com Açúcar T9 - Statistics

Estatísticas Gerais
  • Esse quiz foi jogado 89 vezes
  • A pontuação média é 8 de 15
Estatísticas das Respostas
Hint Resposta % Correto
Quem canta o genérico? Missy M
98%
Qual a nova vertente da escola? Moda
90%
De onde vem o Bryan? Estados unidos
75%
Como se chama a escola? Escola do Forte
71%
No verão a Madalena descobre que é o quê? Lésbica
71%
Qual a doença da Teresa? Anorexia
60%
Como se chama o café da mãe do Kiko ? Suspiro
48%
Como se chama o porteiro da escola? Diamantino
46%
Qual a principal característica do Sebastião? Distraído
33%
Como se chama o professor de educação física? Manel
33%
Como se chama a diretora da escola? Dulce
29%
Como se chama o professor de matemática? Roberto
29%
Como se chama o professor de inglês?
29%
Como se chama o novo bar? Bar das artes
27%
Quem atropela o Bruno? Marcos e a Marina
13%
Nenhum quiz correspondente encontrado
Distribuição das Pontuações
Porcentagem de Pessoas com Cada Pontuação
Percentil de Números Respondidos
Sua Pontuação Histórica
Você não jogou esse quiz